King Henry IV part 2

Bibliographic Details
Main Author: Shakespeare, William
Other Authors: Humphreys, A.R
Format: Book
Published: London : Routledge , 1991
Series:The Arden Shakespeare
Subjects:

MARC

LEADER 00000cam a2200000 7i4500
001 0000001646
002 000001796
005 20000330.0
020 |a 0415026881 
090 0 0 |a 822.33   |b SHA 
100 1 |a Shakespeare, William 
245 1 0 |a King Henry IV part 2   |c William Shakespeare ; edited by A.R. Humphreys 
260 |a London :   |b Routledge ,   |c 1991 
300 |a 242 p. ;   |c 20 cm. 
490 0 |a The Arden Shakespeare 
650 0 0 |a King Henry IV   |x Drama 
700 1 |a Humphreys, A.R 
999 |a 034057   |b BUKU   |c PINJAMAN   |e PERPUSTAKAAN KOMUNITI PETALING JAYA